Detalles MARC
| 000 -CABECERA |
| campo de control de longitud fija |
02663nam a22003017a 4500 |
| 001 - NÚMERO DE CONTROL |
| campo de control |
114176 |
| 003 - IDENTIFICADOR DEL NÚMERO DE CONTROL |
| campo de control |
DR-UNIBE |
| 005 - FECHA Y HORA DE LA ÚLTIMA TRANSACCIÓN |
| campo de control |
20251027145806.0 |
| 008 - DATOS DE LONGITUD FIJA--INFORMACIÓN GENERAL |
| campo de control de longitud fija |
251027b2020 sp ||||| |||| 00| 0 spa d |
| 020 ## - NÚMERO INTERNACIONAL ESTÁNDAR DEL LIBRO |
| Número Internacional Estándar del Libro |
9788428342858 |
| 040 ## - FUENTE DE LA CATALOGACIÓN |
| Centro catalogador/agencia de origen |
BIBLIOTECA UNIBE |
| Centro/agencia transcriptor |
BIBLIOTECA UNIBE |
| Normas de descripción |
rda |
| 041 ## - CÓDIGO DE LENGUA |
| Código de lengua del texto/banda sonora o título independiente |
spa |
| 082 ## - NÚMERO DE LA CLASIFICACIÓN DECIMAL DEWEY |
| Número de clasificación |
338.4791 M828p |
| 100 ## - ENTRADA PRINCIPAL--NOMBRE DE PERSONA |
| Nombre de persona |
Morales Caraballo, María Gema |
| Término indicativo de función/relación |
autor |
| 9 (RLIN) |
200208 |
| 245 10 - MENCIÓN DE TÍTULO |
| Título |
Procesos económico-administrativos en agencias de viajes / |
| Mención de responsabilidad, etc. |
María Gema Morales Caraballo |
| 260 ## - PUBLICACIÓN, DISTRIBUCIÓN, ETC. |
| Lugar de publicación, distribución, etc. |
Madrid : |
| Nombre del editor, distribuidor, etc. |
Paraninfo, |
| Fecha de publicación, distribución, etc. |
2020 |
| 300 ## - DESCRIPCIÓN FÍSICA |
| Extensión |
226 páginas : |
| Otras características físicas |
ilustraciones a color |
| 500 ## - NOTA GENERAL |
| Nota general |
para Certificado de Profesionalidad HOTG0208 Venta de productos y servicios jurídicos, del módulo formativo (MF0267_2) |
| 505 ## - NOTA DE CONTENIDO CON FORMATO |
| Nota de contenido con formato |
1. Contabilidad, matemáticas comerciales y estadística básica |<br/>2. Procesos económico-administrativos en agencias de viajes y otras entidades de distribución turística |<br/>3. Procedimiento de almacenamiento, reposición y control de documentos propios y externos |<br/>4. Procedimientos derivados de las relaciones económicas con clientes |<br/>5. Gestión de tesorería y control de cuentas de cajas y bancos |<br/>6. Utilización de programas informáticos de gestión interna (back-office) de agencias de viajes |<br/> |
| 520 #3 - SUMARIO, ETC. |
| Sumario, etc. |
En este manual, el futuro profesional de la agencia de viajes encontrará las herramientas necesarias para comprender y aplicar los procesos internos derivados del funcionamiento de una agencia de viajes Para ello, se parte de las nociones básicas de contabilidad y matemáticas aplicables a la gestión financiera de la agencia. A continuación, se introducen los procesos asociados a los distintos proveedores turísticos con los que se trabajará: se aprenderá a gestionar un almacén inventario y existencias; se aplicarán los procedimientos derivados del intercambio económico entre la agencia con los proveedores, los clientes y la propia financiación de la agencia para pasar a gestionar la tesorería, incluyendo la compra de moneda extranjera, la documentación, los registros contables y la gestión de errores. Finalmente, se presentan los programas informáticos de gestión más extendidos y novedosos, ofreciendo una visión clara y eficiente de su manejo, utilidades y aplicaciones. |
| 650 #7 - PUNTO DE ACCESO ADICIONAL DE MATERIA--TÉRMINO DE MATERIA |
| Fuente del encabezamiento o término |
lemb |
| Término de materia o nombre geográfico como elemento de entrada |
Viajes |
| Subdivisión de forma |
Formación profesional |
| -- |
Manuales |
| 9 (RLIN) |
200223 |
| 650 #7 - PUNTO DE ACCESO ADICIONAL DE MATERIA--TÉRMINO DE MATERIA |
| Fuente del encabezamiento o término |
lemb |
| Término de materia o nombre geográfico como elemento de entrada |
Turismo |
| Subdivisión de forma |
Formación profesional |
| 9 (RLIN) |
200224 |
| 653 00 - TÉRMINO DE INDIZACIÓN--NO CONTROLADO |
| Término no controlado |
Agencias de viajes -- Formación profesional |
| 653 00 - TÉRMINO DE INDIZACIÓN--NO CONTROLADO |
| Término no controlado |
Gestión y técnicas de agencias de viajes |
| 653 00 - TÉRMINO DE INDIZACIÓN--NO CONTROLADO |
| Término no controlado |
Hostelería -- Formación profesional |
| 653 00 - TÉRMINO DE INDIZACIÓN--NO CONTROLADO |
| Término no controlado |
Administración de agencias de viajes |
| 942 ## - ELEMENTOS DE PUNTO DE ACCESO ADICIONAL (KOHA) |
| Fuente del sistema de clasificación o colocación |
Sistema de Clasificación Decimal Dewey |
| Tipo de ítem Koha |
Libro (general) |